Sister cities of Minneapolis with a map - Statistics

General Stats
  • This quiz has been taken 34 times
  • The average score is 3 of 11
Answers on the Map
Answers color-coded by a green-red scale on the quiz's map according to % correct below.
 
Answer Stats
City % Correct
Winnipeg
90%
Uppsala
53%
Harbin
43%
Novosibirsk
40%
Tours
33%
Kuopio
23%
Najaf
20%
Eldoret
17%
Cuernavaca
13%
Bosaso
10%
Ibaraki
3%
No matching quizzes found
Score Distribution
Percent of People with Each Score
Percentile by Number Answered
Your Score History
You have not taken this quiz